Do we really need a national infrastructure policy?

Skúmanie oprávnenosti realizovania štátnej politiky v oblasti infraštruktúry. Kapitálové zisky z infraštruktúry na celoštátnej a miestnej úrovni (diaľnice, doprava, kanalizácie, voda). Náklady a zisky z diaľníc na úrovni štátu a miestnej úrovni. Postavenie federálnej politiky v daňovej oblasti.

Salvato in:
Dettagli Bibliografici
Autore principale: Netzer, D.
Natura: Capitolo di libro
Lingua:inglese
Soggetti:
Tags: Aggiungi Tag
Nessun Tag, puoi essere il primo ad aggiungerne!!

MARC

LEADER 00000naa a2200000 4500
001 r009098
005 20220913122459.2
041 0 |a eng 
044 |a US 
245 1 0 |a Do we really need a national infrastructure policy?  |c D. Netzer 
520 |a Skúmanie oprávnenosti realizovania štátnej politiky v oblasti infraštruktúry. Kapitálové zisky z infraštruktúry na celoštátnej a miestnej úrovni (diaľnice, doprava, kanalizácie, voda). Náklady a zisky z diaľníc na úrovni štátu a miestnej úrovni. Postavenie federálnej politiky v daňovej oblasti. 
610 2 0 |a infraštruktúra 
610 2 0 |a politika vnútorná 
610 2 0 |a zisk 
610 2 0 |a náklady 
610 2 0 |a dane 
100 1 |a Netzer, D.